Desarrollo de proyectos de infraestructura para la empresa TECTASA (Tecnología y Sistemas de Tatarstan S.A)
El trabajo consiste en un informe de ejecución de las prácticas profesionales supervisadas sobre desarrollo de proyectos de edificios de obras civiles, supervisiones de proyectos verticales y visitas de campo.
| Main Author: | |
|---|---|
| Other Authors: | |
| Format: | Tesis Section = Libro |
| Language: | Undetermined Spanish |
| Published: |
Managua
UNI
2016
|
| Subjects: |
| LEADER | 01140nam a2200277Ia 4500 | ||
|---|---|---|---|
| 008 | 240830s9999 xx 000 0 und d | ||
| 040 | |a BIBLIOTECA-RUSB/ Mon 712.3 M425 | ||
| 041 | |a spa | ||
| 082 | |a Mon 712.3 M425 | ||
| 100 | 1 | |a Matamoros Leiva, Ronald Ernesto | |
| 245 | 1 | 0 | |a Desarrollo de proyectos de infraestructura para la empresa TECTASA (Tecnología y Sistemas de Tatarstan S.A) |
| 260 | |a Managua |b UNI |c 2016 | ||
| 300 | |a 50 p. :il. | ||
| 500 | |a Informe de prácticas profesionales. | ||
| 502 | |a Tesis (Arquitecto) - UNI, 2016. | ||
| 520 | 3 | |a El trabajo consiste en un informe de ejecución de las prácticas profesionales supervisadas sobre desarrollo de proyectos de edificios de obras civiles, supervisiones de proyectos verticales y visitas de campo. | |
| 650 | 7 | |a ARQUITECTURA-DISEÑOS Y PLANOS | |
| 650 | 7 | |b EDIFICIOS-DISEÑO Y CONSTRUCCIÓN | |
| 650 | 7 | |c DISEÑO ARQUITECTÓNICO | |
| 650 | 7 | |d PROCEDIMIENTOS TÉCNICOS | |
| 650 | 7 | |e FORMACIÓN PROFESIONAL | |
| 650 | 7 | |f PRÁCTICAS PROFESIONALES | |
| 700 | 1 | |a Tutor: |b Castellón, Alejandro Antonio | |
| 942 | |c BK |2 ddc | ||
| 991 | |a TESIS | ||
| 999 | |c 21062 | ||